Statistics for Political Ideologies

Click here to take the quiz!

General Stats

  • This quiz has been taken 415 times
  • The average score is 11 of 15

Answer Stats

DescriptionAnswer% Correct
a theory or system of social organization in which all property is owned by the community and each person contributes and receives according to their ability and needsCommunism
93%
the advocacy of women's rights on the ground of the equality of the sexesFeminism
84%
a mix of nationalism and socialism espoused by the National Socialist Party of GermanyNational Socialism
84%
a form of radical authoritarian nationalism, characterized by dictatorial power, forcible suppression of opposition and control of industry and commerce, which came to prominence in early 20th-century EuropeFascism
83%
favouring individual liberty, free trade, and moderate political and social reformLiberalism
83%
favouring free enterprise, private ownership, and socially conservative ideasConservatism
81%
belief in the abolition of all government and the organization of society on a voluntary, cooperative basis without recourse to force or compulsionAnarchism
75%
support for the principle of having monarchsMonarchism
75%
a movement for (originally) the re-establishment and (now) the development and protection of a Jewish nationZionism
75%
a laissez-faire political philosophy advocating only minimal state intervention in the lives of citizensLibertarianism
72%
a system characterized by promoting the interests of a particular nation or ethnic groupNationalism
67%
concern about and action aimed at protecting the environmentEnvironmentalism
64%
a moderate socialist system of government achieved by democratic meansSocial Democracy
55%
a political outlook (rather than ideology) that involves acceptance or support of a balance of a degree of social equality and a degree of social hierarchy, while opposing political changes which would result in a significant shift of society either strongly to the left or the rightCentrism
51%
a form of paternalistic conservatism that emerged under the influence of Catholic social teachingChristian Democracy
18%

Score Distribution

Percentile by Number Answered

Percent of People with Each Score

Your Score History

You have not taken this quiz